000 00460nam a2200193 4500
003 SEACOMMC
005 20231010104930.0
008 231010b |||||||| |||| 00| 0 eng d
020 _cRs. 165.00
040 _aSEACOMMC
082 _a539
_bLAK
100 1 _aLakshmi, V.
245 1 _aEngineering Physics
_cV. Lakshmi and S. Usha
260 _aChennai
_bScitech
_c2001
650 _aPhysics
650 _aModern physics
700 1 _aUsha, S.
942 _cBOOK
999 _c100
_d100